000 00846nmm a2200265 a 4500
001 ocm000573873
003 TR-IsHL
005 20201028135724.0
008 131209s2010 tu tur
007 cr cn
020 _a9786054270460
035 _a573873
_b(N$T)
050 0 4 _aBF773
_b.S67 2010
090 0 4 _aBF773
_b.S67 2010
100 1 _aSoran, Sönmez
245 1 0 _aKişisel inanç yolu ile kozmik kişilik
_h[electronic resource] /
_cSönmez Soran
260 _aİstanbul :
_bKavim Yayınları,
_c2010
300 _a96 p.
650 4 _aFelsefe, Psikoloji ve Din
650 4 _aPhilosophy, Psychology and Religion
650 0 _aİnanç sistemi
650 0 _aBelief system
650 7 _aPHILOSOPHY / Epistemology
_2bisacsh
856 4 0 _uhttp://search.ebscohost.com/login.aspx?direct=true&scope=site&db=e011xww&AN=573873
999 _c6896
_d6896